Statistics for Aquaman Franchise

Click here to take the quiz!

General Stats

  • This quiz has been taken 31 times
    (15 since last reset)
  • The average score is 8 of 21

Answer Stats

TypeYearNameInfo% Correct
TV Show1967-1970AquamanCBS
100%
Comic Mini-Series1986AquamanDC Comics
100%
Film2018AquamanWarner Bros.
100%
Comic Mini-Series1989AquamanDC Comics
100%
Comic Series1991-1992AquamanDC Comics
100%
TV Pilot2006AquamanThe WB
100%
Comic Series1994-2001AquamanDC Comics
100%
Comic Series2002-2007AquamanDC Comics
100%
Film2022Aquaman and the Lost KingdomWarner Bros.
11%
Video Game2003Aquaman: Battle for AtlantisTDK
0%
Web Mini-SeriesTBAAquaman: King of AtlantisHBO Max
0%
Theme Park Attraction2022Aquaman: Power WaveSix Flags Over Texas
0%
Comic Special2016Aquaman: Rebirth #1DC Comics
0%
Comic Special1988Aquaman Special #1DC Comics
0%
Comic Mini-Series1993-1994Aquaman: Time and TideDC Comics
0%
Film2018DC Super Hero Girls: Legends of AtlantisWarner Bros.
0%
Film2015Justice League: Throne of AtlantisWarner Bros.
0%
Comic Special1989Legend of Aquaman SpecialDC Comics
0%
Film2018Lego DC Comics Super Heroes: Aquaman: Rage of AtlantisWarner Bros.
0%
TV Show2003The Aquaman & Friends Action HourCartoon Network Latin America
0%
TV Show1967-1968The Superman/Aquaman Hour of AdventureCBS
0%

Score Distribution

Percentile by Number Answered

Percent of People with Each Score

Your Score History

You have not taken this quiz since the last reset